000
00246nam a22000857a 4500
008
160708b xxu||||| |||| 00| 0 eng d
100
_9
2475
_a
Rohan Book Company
245
_a
Famous Stories of Moral Values
260
_a
New Delhi
_b
Rohan Book Company
_c
2004
999
_c
2142
_d
2142